Regionalism in international law

Bibliographic Details
Main Author: Klučka, Ján, 1951- (Author)
Format: Book
Language:English
PhysicalDescription:165 s. 24 cm
Published: New York London Routledge 2018
ISBN:9781138064959
Edition:1st published
Subjects:

MARC

LEADER 00000nam a2200000 a 4500
001 vtls011737522
003 SK-MaSNL
005 20260301182919.0
008 240318s2018 xxu 001 0 eng
015 |a SNBZSA2018/01 
020 |a 9781138064959  |q (viazané) 
035 |a urn:nbn:sk:snk-am00d7xi 
035 |a urn:nbn:sk:snk-am3hspc 
035 |a 6CCF976B-DC45-4686-AA08-B7C43FF739EF 
040 |a SNK  |b slo  |c SNK  |e AACR2 
041 0 |a eng 
044 |a xxu  |a xxk  |c US  |c GB 
072 7 |a 341  |x Medzinárodné právo  |2 konspekt 
080 |a 323.174  |2 2011 
080 |a 341  |2 2011 
080 |a 341.221.4  |2 2011 
080 |a (048.8)  |2 2011 
100 1 |a Klučka, Ján,  |d 1951-  |4 aut  |9 107147 
245 1 0 |a Regionalism in international law  |c Ján Klučka 
250 |a 1st published 
260 |a New York  |a London  |b Routledge  |c 2018 
300 |a 165 s.  |c 24 cm 
648 7 |a 20.-21. stor.  |2 SNKPH  |9 270701 
650 0 7 |a regionalizmus  |2 SNKPH  |9 4736 
650 0 7 |a Regionalism  |2 SNKPHeng  |9 299920 
650 0 7 |a medzinárodné právo  |2 SNKPH  |9 980 
650 0 7 |a International law  |2 SNKPHeng  |9 270447 
650 0 7 |a medzinárodné vzťahy  |2 SNKPH  |9 3690 
650 0 7 |a Internationalization  |2 SNKPHeng  |9 267177 
655 7 |a monografie  |2 SNKPH  |9 70139 
655 7 |a Monographs  |2 SNKPHeng  |9 120675 
919 |a 978-1-138-06495-9 
958 |a ZS 
958 |a NB 
999 |c 855231  |d 857161 
952 |a SNK  |b SNK  |y NEVYP  |7 1  |p 17A1307499  |o snkSC 177722  |i snk2018/1562  |8 3  |g 174.57  |0 0  |1 0  |4 0  |d 2018-01-19  |f 1  |l 0  |r 2025-09-19 00:00:00  |w 2026-02-24